00450nam a22001575i 450000100060000000300090000600500170001500700030003200800410003504000200007610000220009624500800011826000460019830000270024485200210027148255ES-MaACL20230906161723.0t|950710s1867 fr ||||1| fre d aCAM bspa cCAM1 aChevalier, Emile.14aLes Pieds-Noirs b: drames de l'Amérique du Nord / cpar Emile Chevalier. aParis : bMichel Lévy Frères, c1867. a[4], 328 p. ; c19 cm. aES-MaACLjD-3540